00814nas a2200229Ia 4500001002300000003001000023008004100033040002500074041001300099100001600112210002500128222002500153245005800178250001100236260000900247501012300256300001400379362002600393500013200419650002200551700001100573dg42-2223 [d000002334]IT-MiCISF161014c99999999xx |||||||||||| ||und|| aIT-MiCISFcIT-MiCISF aITALIANO aPollo Mario aSinistra democratica aSinistra democratica 0aOltre il dato: la povertà e l'emarginazione estrema a1a ed. c1995 bCISF - Centro Internazionale Studi Famiglia - Via Giotto, 36 20145 MILANO (non commercial uses only)cCopyright 2016 app. 17-23 a n. 1 febbraio [1995] a Tema: società, stratificazione-sociale, emarginazione, handicap, malattie-mentali, tossicodipendenza, aids, giovani, anziani asocietàvsaggio aAA.VV.